[Event "LSS SN-2022-0-01033"]
[Site "LSS email"]
[Date "2022.04.01"]
[Round "?"]
[White "Galvein, Prospero"]
[Black "Lombardi, Donato"]
[Result "1-0"]
[WhiteElo "825"]
[BlackElo "853"]
[PlyCount "89"]
[EventDate "2021.09.02"]
[EventType "tourn (corr)"]
[EventRounds "6"]
[EventCountry "GER"]
[SourceTitle "Corr 2024"]
[Source "ChessBase"]
[SourceDate "2023.10.19"]
[SourceVersion "1"]
[SourceVersionDate "2023.10.19"]
[SourceQuality "1"]

1. e4 e6 2. Nc3 d5 3. exd5 exd5 4. d4 Nf6 5. Bg5 c6 6. Nf3 Be7 7. Be2 0-0 8. 0-0 Bg4 9. h3 Bh5 10. Ne5 Bxe2 11. Qxe2 Nbd7 12. Rae1 Bd6 13. Nxd7 Qxd7 14. Bxf6 gxf6 15. f4 Rfe8 16. Qf2 b6 17. f5 c5 18. Nxd5 Bh2+ 19. Kxh2 Qxd5 20. dxc5 Qxc5 21. Rxe8+ Rxe8 22. Qxc5 bxc5 23. a3 Re2 24. Rc1 Kf8 25. Kg3 Ke7 26. Kf3 Re5 27. g4 Kd6 28. Rd1+ Kc6 29. b3 a5 30. h4 h6 31. Rd8 Rd5 32. Rxd5 Kxd5 33. Ke3 Ke5 34. h5 Kd5 35. Kd3 Kc6 36. a4 Kd5 37. c3 Ke5 38. Kc4 Kf4 39. Kxc5 Kxg4 40. b4 axb4 41. cxb4 Kxf5 42. b5 Kg5 43. b6 f5 44. b7 f4 45. b8Q 1-0

[Event "LSS ZN-2021-0-04322"]
[Site "LSS email"]
[Date "2021.08.19"]
[Round "?"]
[White "Galvein, Prospero"]
[Black "Borchardt, Petra"]
[Result "1-0"]
[WhiteElo "576"]
[BlackElo "800"]
[PlyCount "65"]
[EventDate "2021.08.19"]
[EventType "match (corr)"]
[EventRounds "2"]
[EventCountry "GER"]
[SourceTitle "Corr 2024"]
[Source "ChessBase"]
[SourceDate "2023.10.19"]
[SourceVersion "1"]
[SourceVersionDate "2023.10.19"]
[SourceQuality "1"]

1. e4 e6 2. Nf3 d5 3. e5 Bd7 4. d4 Ne7 5. Bd3 c5 6. c3 Nbc6 7. 0-0 cxd4 8. cxd4 Qb6 9. Kh1 Nf5 10. Bxf5 exf5 11. Nc3 Be6 12. Ne2 h6 13. Kg1 Be7 14. a4 g5 15. Qd3 Nb4 16. Qb5+ Bd7 17. Qxb6 axb6 18. Nc3 Nc2 19. Ra2 g4 20. Ne1 Nxd4 21. Be3 Ne6 22. Nc2 b5 23. Raa1 f4 24. Bd2 Rc8 25. axb5 d4 26. Nxd4 Nxd4 27. Bxf4 Rxc3 28. bxc3 h5 29. Ra8+ Bd8 30. cxd4 0-0 31. Rb8 Ba5 32. Rxb7 Be6 33. Rd1 1-0

[Event "LSS ZN-2021-0-04306"]
[Site "LSS email"]
[Date "2021.07.25"]
[Round "?"]
[White "Galvein, Prospero"]
[Black "Ventura, Bob"]
[Result "1-0"]
[WhiteElo "576"]
[BlackElo "569"]
[PlyCount "47"]
[EventDate "2021.07.04"]
[EventType "match (corr)"]
[EventRounds "2"]
[EventCountry "GER"]
[SourceTitle "Corr 2024"]
[Source "ChessBase"]
[SourceDate "2023.10.19"]
[SourceVersion "1"]
[SourceVersionDate "2023.10.19"]
[SourceQuality "1"]

1. e4 e5 2. Nf3 Nc6 3. Nc3 h6 4. d4 exd4 5. Nxd4 Bc5 6. Be3 Bb6 7. Qd2 Nf6 8. 0-0-0 Ba5 9. f3 d5 10. Nxc6 bxc6 11. Bc4 0-0 12. Bc5 Re8 13. exd5 Bxc3 14. Qxc3 Bf5 15. dxc6 Qc8 16. g4 Bg6 17. b3 Nh7 18. Ba3 Kh8 19. Bb2 f6 20. Rd7 Nf8 21. Rxg7 Ne6 22. Qxf6 Rf8 23. Rg8+ Kxg8 24. Qxg6# 1-0

[Event "LSS ZN-2021-0-04306"]
[Site "LSS email"]
[Date "2021.07.25"]
[Round "?"]
[White "Ventura, Bob"]
[Black "Galvein, Prospero"]
[Result "0-1"]
[WhiteElo "569"]
[BlackElo "576"]
[PlyCount "68"]
[EventDate "2021.07.04"]
[EventType "match (corr)"]
[EventRounds "2"]
[EventCountry "GER"]
[SourceTitle "Corr 2024"]
[Source "ChessBase"]
[SourceDate "2023.10.19"]
[SourceVersion "1"]
[SourceVersionDate "2023.10.19"]
[SourceQuality "1"]

1. e4 e6 2. d4 Nf6 3. Bg5 Be7 4. Nf3 Nxe4 5. Bxe7 Qxe7 6. Bd3 d5 7. Qe2 Nf6 8. h3 a6 9. a3 0-0 10. 0-0 c5 11. dxc5 Qxc5 12. Nc3 b5 13. Ne5 Nc6 14. Kh1 Bb7 15. Rad1 d4 16. Ne4 Qxe5 17. f4 Nxe4 18. Bxe4 Qc7 19. Qh5 f5 20. Bd3 Ne7 21. Rde1 Qc6 22. Rg1 Rf6 23. Be2 Rh6 24. Qf3 Qxf3 25. Bxf3 Bxf3 26. gxf3 Nd5 27. Rg3 Nxf4 28. Kh2 Rc8 29. Reg1 Rxc2+ 30. Kh1 Rxh3+ 31. Rxh3 Nxh3 32. Re1 d3 33. Rxe6 d2 34. Kg2 Nf4+ 0-1

[Event "ZN-2012-0-01842"]
[Site "LSS email"]
[Date "2012.02.13"]
[Round "?"]
[White "Galvein, Prospero"]
[Black "Gonzalez Casariego, Domingo"]
[Result "0-1"]
[WhiteElo "577"]
[BlackElo "800"]
[PlyCount "74"]
[EventDate "2012.02.10"]
[EventType "match (corr)"]
[EventRounds "2"]
[EventCountry "GER"]
[SourceTitle "Telechess CBM 157"]
[Source "ChessBase"]
[SourceDate "2013.11.12"]
[SourceVersion "1"]
[SourceVersionDate "2013.11.12"]
[SourceQuality "1"]

1. e4 e6 2. Nf3 d5 3. Bd3 c5 4. exd5 exd5 5. Nc3 Be7 6. 0-0 a6 7. a3 c4 8. Be2 d4 9. Ne4 d3 10. cxd3 cxd3 11. Ne5 dxe2 12. Qxe2 Nf6 13. d3 0-0 14. f4 Nd5 15. Kh1 f6 16. Nf3 Re8 17. Qd2 Nc6 18. b4 f5 19. Neg5 h6 20. Nh3 Bf6 21. Ra2 Nc3 22. Rc2 Re2 23. Qxe2 Nxe2 24. Rxe2 Qxd3 25. Re8+ Kf7 26. Rfe1 Bc3 27. Ne5+ Nxe5 28. R8xe5 Bxe1 29. Rxe1 Be6 30. Nf2 Qc3 31. Rd1 Bb3 32. Bd2 Qd4 33. Rg1 Qxd2 34. Nh3 Bd5 35. a4 Re8 36. b5 Re1 37. bxa6 Bxg2# 0-1

[Event "SN-2011-0-00413"]
[Site "LSS email"]
[Date "2012.01.10"]
[Round "?"]
[White "Galvein, Prospero"]
[Black "Feng, Jason"]
[Result "0-1"]
[WhiteElo "582"]
[BlackElo "854"]
[PlyCount "46"]
[EventDate "2011.12.29"]
[EventType "tourn (corr)"]
[EventRounds "6"]
[EventCountry "GER"]
[SourceTitle "Telechess CBM 155"]
[Source "ChessBase"]
[SourceDate "2013.07.16"]
[SourceVersion "1"]
[SourceVersionDate "2013.07.16"]
[SourceQuality "1"]

1. e4 e5 2. Nf3 Nc6 3. a3 Bc5 4. b4 Bb6 5. Nc3 Nf6 6. Nd5 Nxd5 7. exd5 Ne7 8. c3 Nxd5 9. Bc4 Nf6 10. Nxe5 Qe7 11. d4 d6 12. 0-0 dxe5 13. dxe5 Ng4 14. Qd5 0-0 15. Kh1 Nxf2+ 16. Kg1 Be6 17. Qf3 Nd3+ 18. Kh1 Bxc4 19. Be3 Nxe5 20. Qg3 Bxf1 21. Rxf1 Bxe3 22. Qxe3 Ng6 23. Qh3 Rad8 0-1

[Event "RN-2011-0-00428"]
[Site "LSS email"]
[Date "2011.12.13"]
[Round "?"]
[White "Adair, James"]
[Black "Galvein, Prospero"]
[Result "1-0"]
[WhiteElo "1000"]
[BlackElo "577"]
[PlyCount "53"]
[EventDate "2011.11.28"]
[EventType "tourn (corr)"]
[EventRounds "6"]
[EventCountry "GER"]
[SourceTitle "Telechess CBM 157"]
[Source "ChessBase"]
[SourceDate "2013.11.12"]
[SourceVersion "1"]
[SourceVersionDate "2013.11.12"]
[SourceQuality "1"]

1. e4 e5 2. Nf3 Nc6 3. Bc4 Nf6 4. d3 Bb4+ 5. c3 Bc5 6. 0-0 a6 7. d4 Bd6 8. dxe5 Nxe5 9. Nxe5 Bxe5 10. f4 Bd6 11. e5 b5 12. exf6 Qxf6 13. Bd5 Bc5+ 14. Kh1 Ra7 15. Re1+ Be7 16. Be3 c5 17. Bxc5 0-0 18. Bxe7 Qxf4 19. Bxf8 Kxf8 20. Qe2 g6 21. Rf1 Qxf1+ 22. Qxf1 d6 23. Nd2 Re7 24. Re1 Ra7 25. Ne4 h5 26. Nxd6 Bg4 27. Qf6 1-0

[Event "RN-2011-0-00428"]
[Site "LSS email"]
[Date "2011.12.13"]
[Round "?"]
[White "Galvein, Prospero"]
[Black "Feng, Jason"]
[Result "0-1"]
[WhiteElo "577"]
[BlackElo "928"]
[PlyCount "84"]
[EventDate "2011.11.28"]
[EventType "tourn (corr)"]
[EventRounds "6"]
[EventCountry "GER"]
[SourceTitle "Telechess CBM 157"]
[Source "ChessBase"]
[SourceDate "2013.11.12"]
[SourceVersion "1"]
[SourceVersionDate "2013.11.12"]
[SourceQuality "1"]

1. e4 e5 2. Nf3 Nc6 3. Nc3 Nf6 4. d4 exd4 5. Nxd4 Bc5 6. Nxc6 dxc6 7. Bg5 Qxd1+ 8. Rxd1 Be7 9. Bc4 h6 10. Bxf6 Bxf6 11. 0-0 0-0 12. f4 Bxc3 13. bxc3 Bg4 14. Rd2 Rad8 15. Rxd8 Rxd8 16. Bd3 b5 17. h3 Bc8 18. e5 Bb7 19. c4 bxc4 20. Bxc4 c5 21. f5 Rd2 22. Re1 Rxg2+ 23. Kf1 Rxc2 24. Bb3 Rh2 25. Re3 Kf8 26. Rd3 Ba6 27. Kg1 Bxd3 28. Kxh2 Bxf5 29. a4 Ke7 30. Kg3 f6 31. Kf4 Be6 32. Bc2 fxe5+ 33. Kxe5 Bxh3 34. Kd5 g5 35. Kxc5 g4 36. Kd4 g3 37. Be4 g2 38. Bxg2 Bxg2 39. Ke5 h5 40. Kf4 h4 41. Kg4 h3 42. Kg3 c5 0-1

[Event "SN-2011-0-00398"]
[Site "LSS email"]
[Date "2011.11.08"]
[Round "?"]
[White "Galvein, Prospero"]
[Black "Hinestroza, Douglas"]
[Result "0-1"]
[WhiteElo "556"]
[BlackElo "724"]
[PlyCount "108"]
[EventDate "2011.10.29"]
[EventType "tourn (corr)"]
[EventRounds "6"]
[EventCountry "GER"]
[SourceTitle "Telechess CBM 149"]
[Source "ChessBase"]
[SourceDate "2012.07.17"]
[SourceVersion "1"]
[SourceVersionDate "2012.07.17"]
[SourceQuality "1"]

1. e4 e6 2. Nf3 d5 3. e5 c5 4. Bb5+ Bd7 5. c4 Bxb5 6. cxb5 Qb6 7. Nc3 d4 8. Ne4 Qxb5 9. d3 Nd7 10. 0-0 Ne7 11. a3 Nd5 12. b4 b6 13. Nfg5 Be7 14. Nd6+ Bxd6 15. exd6 0-0 16. Qh5 N5f6 17. Qe2 h6 18. Nh3 Qc6 19. Bf4 Nd5 20. Rae1 Nxf4 21. Nxf4 Qxd6 22. Nh5 e5 23. Qg4 g6 24. f4 Kh7 25. Ng3 Nf6 26. fxe5 Nxg4 27. exd6 Rad8 28. Re4 Ne3 29. Rf6 Kg7 30. Ref4 Nd5 31. Nh5+ gxh5 32. R6f5 Nxf4 33. Rxf4 Rxd6 34. h3 Rd5 35. h4 Re8 36. Kh2 Rde5 37. bxc5 bxc5 38. Kh3 Re3+ 39. g3 Rxd3 40. a4 Ra3 41. Rf5 Rc8 42. a5 Rxa5 43. Rxh5 Ra3 44. Rf5 Rc7 45. Kg4 Re3 46. Kf4 Re6 47. Kg4 a5 48. Kh5 a4 49. g4 a3 50. g5 hxg5 51. Rxg5+ Kh7 52. Rg3 a2 53. Rg1 Rh6+ 54. Kg5 Rg6+ 0-1

[Event "SN-2011-0-00397"]
[Site "LSS email"]
[Date "2011.11.06"]
[Round "?"]
[White "Billion, Paul"]
[Black "Galvein, Prospero"]
[Result "1-0"]
[WhiteElo "891"]
[BlackElo "577"]
[PlyCount "60"]
[EventDate "2011.10.25"]
[EventType "tourn (corr)"]
[EventRounds "6"]
[EventCountry "GER"]
[SourceTitle "Telechess CBM 157"]
[Source "ChessBase"]
[SourceDate "2013.11.12"]
[SourceVersion "1"]
[SourceVersionDate "2013.11.12"]
[SourceQuality "1"]

1. Nf3 Nc6 2. c4 e6 3. Nc3 Nf6 4. d4 Bb4 5. e3 d5 6. Bd2 Ne4 7. cxd5 exd5 8. Bb5 0-0 9. 0-0 f5 10. Bxc6 bxc6 11. Qb3 Bxc3 12. Bxc3 f4 13. Ne5 Qg5 14. Nxc6 Bh3 15. g3 Bxf1 16. Rxf1 fxg3 17. hxg3 Rf3 18. Be1 h5 19. Ne5 Rf6 20. Qxd5+ Kh7 21. Qxe4+ Qf5 22. Qxa8 h4 23. g4 Rg6 24. Nxg6 Qxg6 25. Qg2 Kh6 26. f4 Qd3 27. Bxh4 Qxe3+ 28. Bf2 Qxf4 29. Qh3+ Kg6 30. Qh5+ Kf6 1-0

[Event "SN-2011-0-00396"]
[Site "LSS email"]
[Date "2011.11.05"]
[Round "?"]
[White "Galvein, Prospero"]
[Black "Neil, Charles"]
[Result "0-1"]
[WhiteElo "582"]
[BlackElo "600"]
[PlyCount "72"]
[EventDate "2011.10.23"]
[EventType "tourn (corr)"]
[EventRounds "6"]
[EventCountry "GER"]
[SourceTitle "Telechess CBM 155"]
[Source "ChessBase"]
[SourceDate "2013.07.16"]
[SourceVersion "1"]
[SourceVersionDate "2013.07.16"]
[SourceQuality "1"]

1. e4 e6 2. Nf3 d5 3. exd5 exd5 4. d4 Bd6 5. Bd3 Ne7 6. Nc3 Nd7 7. 0-0 0-0 8. Bg5 f6 9. Bh4 c6 10. Ne2 Re8 11. a3 Nf8 12. Ng3 g5 13. Nh5 Nf5 14. Bg3 Bxg3 15. fxg3 Ng7 16. c4 Nxh5 17. h4 Nxg3 18. Re1 Bg4 19. Rxe8 Qxe8 20. hxg5 Qh5 21. Kf2 Qxg5 22. Kxg3 Qh5 23. Qh1 Bxf3 24. gxf3 Qg5+ 25. Kf2 Qd2+ 26. Be2 Qxd4+ 27. Kf1 Qxb2 28. Qg2+ Ng6 29. Re1 Re8 30. f4 Kf8 31. Bh5 Qxg2+ 32. Kxg2 Rxe1 33. Kg3 Rg1+ 34. Kf3 Ra1 35. f5 Ne5+ 36. Kf4 Nxc4 0-1

[Event "SN-2011-0-00398"]
[Site "LSS email"]
[Date "2011.11.05"]
[Round "?"]
[White "Schoenbuchner, Gerhard"]
[Black "Galvein, Prospero"]
[Result "1-0"]
[WhiteElo "1012"]
[BlackElo "556"]
[PlyCount "53"]
[EventDate "2011.10.29"]
[EventType "tourn (corr)"]
[EventRounds "6"]
[EventCountry "GER"]
[SourceTitle "Telechess CBM 149"]
[Source "ChessBase"]
[SourceDate "2012.07.17"]
[SourceVersion "1"]
[SourceVersionDate "2012.07.17"]
[SourceQuality "1"]

1. e4 e5 2. Nf3 Nc6 3. Bc4 Nf6 4. d3 Bb4+ 5. Bd2 0-0 6. Bxb4 d6 7. Nc3 Nxb4 8. 0-0 a6 9. a3 Nc6 10. Nd5 Bg4 11. c3 b5 12. Bb3 a5 13. Bc2 a4 14. Qe2 Nh5 15. Bd1 f5 16. exf5 Rxf5 17. Qe4 Ne7 18. Nxe7+ Qxe7 19. Qxg4 g6 20. Bc2 Rf4 21. Qg5 Qe6 22. Rae1 Raf8 23. Qh6 Rxf3 24. gxf3 Rxf3 25. Bd1 Qg4+ 26. Kh1 Rh3 27. Bxg4 1-0

[Event "SN-2011-0-00398"]
[Site "LSS email"]
[Date "2011.11.04"]
[Round "?"]
[White "Galvein, Prospero"]
[Black "Secondi, Alberto"]
[Result "1-0"]
[WhiteElo "556"]
[BlackElo "635"]
[PlyCount "55"]
[EventDate "2011.10.29"]
[EventType "tourn (corr)"]
[EventRounds "6"]
[EventCountry "GER"]
[SourceTitle "Telechess CBM 149"]
[Source "ChessBase"]
[SourceDate "2012.07.17"]
[SourceVersion "1"]
[SourceVersionDate "2012.07.17"]
[SourceQuality "1"]

1. e4 d6 2. Nf3 e5 3. Nc3 g6 4. d3 Bg7 5. Bg5 Nf6 6. Nd5 0-0 7. Be2 c6 8. Ne3 Qc7 9. b4 b5 10. 0-0 d5 11. exd5 cxd5 12. d4 Ne4 13. Bxb5 Ba6 14. Nxd5 Qb7 15. Bxa6 Qxa6 16. a4 Nxg5 17. Ne7+ Kh8 18. Nxg5 h6 19. b5 Qf6 20. Ne4 Qxe7 21. f3 exd4 22. Qd2 Nd7 23. Rae1 Qa3 24. f4 Qxa4 25. f5 Ne5 26. f6 Bxf6 27. Nxf6 Qxb5 28. Qxh6# 1-0

[Event "SN-2011-0-00396"]
[Site "LSS email"]
[Date "2011.11.03"]
[Round "?"]
[White "Secondi, Alberto"]
[Black "Galvein, Prospero"]
[Result "0-1"]
[WhiteElo "686"]
[BlackElo "582"]
[PlyCount "72"]
[EventDate "2011.10.23"]
[EventType "tourn (corr)"]
[EventRounds "6"]
[EventCountry "GER"]
[SourceTitle "Telechess CBM 155"]
[Source "ChessBase"]
[SourceDate "2013.07.16"]
[SourceVersion "1"]
[SourceVersionDate "2013.07.16"]
[SourceQuality "1"]

1. d4 e6 2. c4 Bb4+ 3. Bd2 Bxd2+ 4. Nxd2 Nf6 5. e4 d5 6. cxd5 exd5 7. e5 Nfd7 8. Bb5 c6 9. Ba4 0-0 10. Ngf3 b5 11. Bb3 f6 12. 0-0 fxe5 13. Nxe5 Nxe5 14. f4 Nd3 15. Qc2 Nb4 16. Qd1 Nd3 17. Rb1 Bf5 18. Bc2 Nb4 19. Bxf5 Rxf5 20. a3 Nd3 21. Qc2 Qh4 22. Qxd3 Qg4 23. Qf3 Qg6 24. Rbe1 Nd7 25. b4 a5 26. Re3 Raf8 27. g3 h5 28. Re7 Nf6 29. Re6 h4 30. Rxc6 hxg3 31. Qxg3 Qh6 32. Nf3 Rxf4 33. Qe1 Rg4+ 34. Kh1 Qh3 35. Qe6+ Kh8 36. Ng5 Qxf1# 0-1

[Event "SN-2011-0-00397"]
[Site "LSS email"]
[Date "2011.11.03"]
[Round "?"]
[White "Secondi, Alberto"]
[Black "Galvein, Prospero"]
[Result "0-1"]
[WhiteElo "590"]
[BlackElo "577"]
[PlyCount "48"]
[EventDate "2011.10.25"]
[EventType "tourn (corr)"]
[EventRounds "6"]
[EventCountry "GER"]
[SourceTitle "Telechess CBM 157"]
[Source "ChessBase"]
[SourceDate "2013.11.12"]
[SourceVersion "1"]
[SourceVersionDate "2013.11.12"]
[SourceQuality "1"]

1. d4 e6 2. c4 Bb4+ 3. Bd2 c5 4. Bxb4 cxb4 5. e4 Nc6 6. d5 Ne5 7. Be2 Nf6 8. Nd2 0-0 9. Ngf3 d6 10. Nxe5 dxe5 11. 0-0 exd5 12. cxd5 a5 13. Bb5 Bd7 14. Bxd7 Qxd7 15. f3 Nh5 16. f4 Nxf4 17. b3 f5 18. Rc1 fxe4 19. Nxe4 b5 20. Rc5 Rac8 21. Rxc8 Qxc8 22. Qd2 Qg4 23. d6 Nh3+ 24. Kh1 Rxf1# 0-1

[Event "SN-2011-0-00384"]
[Site "LSS email"]
[Date "2011.10.01"]
[Round "?"]
[White "Pehl, Ferenc"]
[Black "Galvein, Prospero"]
[Result "1-0"]
[WhiteElo "945"]
[BlackElo "556"]
[PlyCount "89"]
[EventDate "2011.09.12"]
[EventType "tourn (corr)"]
[EventRounds "6"]
[EventCountry "GER"]
[SourceTitle "Telechess CBM 149"]
[Source "ChessBase"]
[SourceDate "2012.07.17"]
[SourceVersion "1"]
[SourceVersionDate "2012.07.17"]
[SourceQuality "1"]

1. e4 e5 2. Nf3 Nc6 3. Bb5 Nf6 4. d3 Bb4+ 5. c3 Ba5 6. 0-0 a6 7. Bxc6 dxc6 8. Nxe5 Qe7 9. Nc4 b6 10. Nxa5 bxa5 11. Bg5 h6 12. Bxf6 Qxf6 13. Nd2 Qg6 14. Kh1 0-0 15. h3 Qd6 16. Nc4 Qf4 17. Nxa5 Be6 18. Nxc6 Rae8 19. Nd4 c5 20. Nxe6 Rxe6 21. g3 Qd6 22. Qc2 Re5 23. f4 Rh5 24. Kg2 f5 25. e5 Qd5+ 26. Kh2 c4 27. dxc4 Qxc4 28. Qb3 Qxb3 29. axb3 Rd8 30. Rfd1 Rb8 31. b4 g5 32. Rxa6 gxf4 33. gxf4 Rh4 34. Rd4 Kg7 35. Rad6 Rg8 36. Rd7+ Kg6 37. b5 Kh5 38. Rb4 Rgg4 39. Rdd4 Rg7 40. b6 Rb7 41. c4 Rb8 42. c5 Ra8 43. b7 Ra1 44. b8Q Re1 45. Qe8# 1-0

[Event "SN-2011-0-00373"]
[Site "LSS email"]
[Date "2011.08.18"]
[Round "?"]
[White "Galvein, Prospero"]
[Black "Brough, Carl"]
[Result "0-1"]
[WhiteElo "577"]
[BlackElo "801"]
[PlyCount "52"]
[EventDate "2011.08.08"]
[EventType "tourn (corr)"]
[EventRounds "6"]
[EventCountry "GER"]
[SourceTitle "Telechess CBM 157"]
[Source "ChessBase"]
[SourceDate "2013.11.12"]
[SourceVersion "1"]
[SourceVersionDate "2013.11.12"]
[SourceQuality "1"]

1. e4 e5 2. Nf3 Nc6 3. Nc3 Nf6 4. Bc4 h6 5. 0-0 Bd6 6. d4 Bb4 7. a3 Bxc3 8. bxc3 d6 9. d5 Na5 10. Qe2 0-0 11. Nh4 Bg4 12. f3 Bh5 13. Nf5 a6 14. Nxh6+ gxh6 15. Bxh6 Re8 16. Qf2 Kh7 17. Bg5 Nxc4 18. g4 Rg8 19. h4 Bg6 20. h5 Bxh5 21. gxh5 Rxg5+ 22. Kh2 Rxh5+ 23. Kg2 Qg8+ 24. Qg3 Qxg3+ 25. Kxg3 Nd2 26. Rf2 Rg8# 0-1

[Event "SN-2011-0-00373"]
[Site "LSS email"]
[Date "2011.08.18"]
[Round "?"]
[White "Galvein, Prospero"]
[Black "Wallerstorfer, Josef"]
[Result "1-0"]
[WhiteElo "577"]
[BlackElo "880"]
[PlyCount "95"]
[EventDate "2011.08.08"]
[EventType "tourn (corr)"]
[EventRounds "6"]
[EventCountry "GER"]
[SourceTitle "Telechess CBM 157"]
[Source "ChessBase"]
[SourceDate "2013.11.12"]
[SourceVersion "1"]
[SourceVersionDate "2013.11.12"]
[SourceQuality "1"]

1. e4 e5 2. Nf3 d6 3. Nc3 Nf6 4. Bb5+ c6 5. Bc4 h6 6. 0-0 Be7 7. d3 0-0 8. a3 Bg4 9. h3 Bh5 10. Be3 Nbd7 11. d4 exd4 12. Bxd4 c5 13. Bxf6 Bxf6 14. Qd3 Nb6 15. b3 Nxc4 16. bxc4 Qa5 17. Nd5 Bxa1 18. Rxa1 Qd8 19. g4 Bg6 20. h4 Re8 21. Re1 Rc8 22. h5 Bh7 23. Nh4 Qxh4 24. Qg3 Qxg3+ 25. fxg3 Re5 26. Kf2 Rxe4 27. Rxe4 Bxe4 28. Ke3 Bxc2 29. Ne7+ Kf8 30. Nxc8 a6 31. Nxd6 b6 32. Kd2 Bb3 33. Kc3 Bd1 34. g5 hxg5 35. Ne4 f6 36. Nd6 Bxh5 37. Nc8 b5 38. cxb5 axb5 39. Nd6 Be2 40. Ne4 c4 41. Nd6 Ke7 42. Nxb5 Ke6 43. Nd4+ Ke5 44. Nxe2 Ke4 45. a4 Kd5 46. Nd4 Ke4 47. a5 Ke3 48. a6 1-0

[Event "SN-2011-0-00364"]
[Site "LSS email"]
[Date "2011.07.22"]
[Round "?"]
[White "Galvein, Prospero"]
[Black "O'Brien, Glenn"]
[Result "0-1"]
[WhiteElo "582"]
[BlackElo "1239"]
[PlyCount "54"]
[EventDate "2011.07.07"]
[EventType "tourn (corr)"]
[EventRounds "6"]
[EventCountry "GER"]
[SourceTitle "Telechess CBM 149"]
[Source "ChessBase"]
[SourceDate "2012.07.17"]
[SourceVersion "1"]
[SourceVersionDate "2012.07.17"]
[SourceQuality "1"]

1. e4 e5 2. Nf3 Nc6 3. Nc3 Nf6 4. Bb5 Nd4 5. Nxd4 exd4 6. Nd5 Nxd5 7. exd5 a6 8. Bc4 Qe7+ 9. Be2 Qe5 10. c3 d3 11. c4 b5 12. cxb5 Bb7 13. b6 cxb6 14. a4 Bxd5 15. Ra3 Bxa3 16. bxa3 Bb3 17. 0-0 Bxd1 18. Bxd1 Qa1 19. Bf3 Rc8 20. Re1+ Kd8 21. h3 Rxc1 22. Rxc1 Qxc1+ 23. Kh2 Qxd2 24. Kg1 Qc1+ 25. Kh2 Qf4+ 26. Kg1 Re8 27. a5 Re1# 0-1

[Event "SN-2011-0-00363"]
[Site "LSS email"]
[Date "2011.07.20"]
[Round "?"]
[White "Cruz Rivera, Pablo Ricardo"]
[Black "Galvein, Prospero"]
[Result "1-0"]
[WhiteElo "718"]
[BlackElo "582"]
[PlyCount "55"]
[EventDate "2011.07.05"]
[EventType "tourn (corr)"]
[EventRounds "6"]
[EventCountry "GER"]
[SourceTitle "Telechess CBM 149"]
[Source "ChessBase"]
[SourceDate "2012.07.17"]
[SourceVersion "1"]
[SourceVersionDate "2012.07.17"]
[SourceQuality "1"]

1. d4 e6 2. Nf3 Nf6 3. g3 Nc6 4. Bg2 Bd6 5. 0-0 0-0 6. Nc3 a6 7. b3 b5 8. e4 e5 9. dxe5 Bxe5 10. Qe1 b4 11. Nxe5 Nxe5 12. Bb2 Neg4 13. e5 Nh5 14. Bxa8 Qg5 15. Nd5 c6 16. Nxb4 Nf4 17. Bc1 Qh5 18. h4 Nh3+ 19. Kg2 Ng5 20. Bxg5 d5 21. Bxc6 f6 22. Bxd5+ Kh8 23. exf6 Nxf6 24. Bxf6 gxf6 25. Qe7 Rg8 26. Qxf6+ Rg7 27. Qf8+ Rg8 28. Qxg8# 1-0

[Event "SN-2011-0-00358"]
[Site "LSS email"]
[Date "2011.07.06"]
[Round "?"]
[White "Galvein, Prospero"]
[Black "Bozic, Deni"]
[Result "0-1"]
[WhiteElo "556"]
[BlackElo "931"]
[PlyCount "90"]
[EventDate "2011.06.22"]
[EventType "tourn (corr)"]
[EventRounds "6"]
[EventCountry "GER"]
[SourceTitle "Telechess CBM 149"]
[Source "ChessBase"]
[SourceDate "2012.07.17"]
[SourceVersion "1"]
[SourceVersionDate "2012.07.17"]
[SourceQuality "1"]

1. e4 e5 2. Nf3 Nc6 3. Nc3 Nf6 4. d3 Bb4 5. Bd2 h6 6. Nd5 Bxd2+ 7. Qxd2 0-0 8. Be2 Nxd5 9. exd5 Ne7 10. Nxe5 d6 11. Nc4 Nxd5 12. 0-0 Re8 13. Bf3 Be6 14. Rae1 c6 15. d4 Nc7 16. b3 Bxc4 17. bxc4 d5 18. cxd5 Nxd5 19. c4 Nf6 20. d5 cxd5 21. cxd5 Rc8 22. d6 b6 23. Rxe8+ Qxe8 24. Re1 Qd8 25. Re7 a5 26. Bd5 Nxd5 27. Re5 Qxd6 28. f4 Qc5+ 29. Kf1 Qc1+ 30. Qxc1 Rxc1+ 31. Re1 Rxe1+ 32. Kxe1 Nxf4 33. g3 Nd3+ 34. Kd2 Nc5 35. Kc3 g5 36. h3 f5 37. Kd4 Kf7 38. Ke5 Kg6 39. Kd6 f4 40. gxf4 gxf4 41. Kc6 f3 42. Kxb6 Nd3 43. Kxa5 f2 44. Ka4 f1Q 45. Kb3 Qb1+ 0-1

[Event "SN-2011-0-00351"]
[Site "LSS email"]
[Date "2011.06.16"]
[Round "?"]
[White "Galvein, Prospero"]
[Black "Croke, Pat"]
[Result "0-1"]
[WhiteElo "577"]
[BlackElo "676"]
[PlyCount "116"]
[EventDate "2011.05.31"]
[EventType "tourn (corr)"]
[EventRounds "6"]
[EventCountry "GER"]
[SourceTitle "Telechess CBM 157"]
[Source "ChessBase"]
[SourceDate "2013.11.12"]
[SourceVersion "1"]
[SourceVersionDate "2013.11.12"]
[SourceQuality "1"]

1. e4 e5 2. Nc3 Nf6 3. Nf3 Nc6 4. d3 Bb4 5. Bd2 0-0 6. Nd5 Bxd2+ 7. Qxd2 Nxd5 8. exd5 Nd4 9. Nxd4 exd4 10. 0-0-0 d6 11. Re1 a5 12. c3 dxc3 13. Qxc3 b5 14. Re3 Bb7 15. Rg3 f6 16. Qd4 a4 17. Qg4 Rf7 18. d4 Bxd5 19. Bd3 h6 20. Re1 a3 21. bxa3 Qd7 22. Bf5 Qc6+ 23. Bc2 Re8 24. Rxe8+ Qxe8 25. Re3 Qc6 26. Qg6 f5 27. g4 Be4 28. Re2 Bxc2 29. Rxc2 Qh1+ 30. Kb2 fxg4 31. Qxg4 Qxh2 32. f3 Qf4 33. Qxf4 Rxf4 34. d5 Rxf3 35. Rxc7 Rd3 36. Rc8+ Kh7 37. Rc3 Rxd5 38. Kb3 Rc5 39. Rd3 Rc6 40. Kb4 Rb6 41. Rd5 g5 42. Rd4 Ra6 43. Kb3 Kg6 44. Re4 Kf5 45. Re8 h5 46. Rf8+ Kg4 47. Rb8 h4 48. Rxb5 h3 49. Rb4+ Kh5 50. Re4 g4 51. a4 h2 52. Re1 g3 53. Rh1 Kg4 54. a3 Kh3 55. Kb4 g2 56. Rxh2+ Kxh2 57. Kb5 Ra8 58. a5 g1Q 0-1